|
|
|
|
| LEADER |
00626nam a22001932a 4500 |
| 001 |
000348652 |
| 003 |
CZ BrMZK |
| 005 |
20011220190349.0 |
| 008 |
980103s1993 gw f ger d |
| 040 |
|
|
|a BOA001
|b cze
|
| 080 |
|
|
|a 547.413
|2 MRF
|
| 100 |
1 |
|
|a Schumacher, Rainer
|
| 245 |
1 |
0 |
|a Adsorptive Abtrennung von Tetrachlorethen aus feuchtem Gas mit Zeolithen /
|c Rainer Schumacher.
|
| 260 |
|
|
|a Stuttgart :
|b Universität Stuttgart,
|c 1993
|
| 300 |
|
|
|a 112 s.
|
| 500 |
|
|
|a Disertace
|
| 910 |
|
|
|a BOA001
|b TK-0256.052
|
| 990 |
|
|
|a BK
|
| 996 |
7 |
|
|b 2629976161
|c TK-0256.052
|l MZK
|r Sklad / do 24 hodin
|n 0
|w 000348652
|u 000010
|a 1
|e BOA001
|j MZK50
|s A
|